000 00848cam a2200217 4500
001 ABS62331
008 000000n2000 000 0 eng u
035 _a(Sirsi) u106161
245 4 _aThe Housing Green Paper
260 _c2000
490 _aHousing Today
_v(181) 27 April 2000, 12-14(3)
520 _aFeature on the Housing Green Paper including an article examining whether it will raise standards in the private rented sector and one on a new initiative which will give the Independent Housing Ombudsman the final say when landlords and tenants disagree.
590 _aABS
650 _aHOUSING GREEN PAPER
650 _aPRIVATE RENTED SECTOR
650 _aINDEPENDENT HOUSING OMBUDSMAN
650 _aTENANCY DEPOSIT SCHEME (TDS)
650 _aPROPERTY-LEASEHOLD PROPERTY
690 _aHOUSING-PRIVATE RENTED SECTOR
942 _n0
999 _c63598
_d63598